[Event "POR-chT 1st League 2017"]
[Site "Leiria"]
[Date "2017.07.17"]
[Round "1"]
[White "Rocha, Sergio"]
[Black "Ftacnik, Lubomir"]
[Result "1/2-1/2"]
[WhiteElo "2364"]
[BlackElo "2551"]
[Annotator "TA"]
[PlyCount "131"]
[EventDate "2017.??.??"]
[EventType "team-tourn"]
[EventCountry "POR"]
[SourceTitle "playchess.com"]
[Source "ChessBase"]
[SourceQuality "1"]

{[%evp 17,131,15,17,-9,-4,-11,-14,-12,-16,-27,0,-13,-27,-19,14,-46,-54,-56,-61,-47,-47,-53,-48,-83,-89,-87,-61,-133,-122,-125,-8,-8,-7,-8,0,0,-16,0,0,0,0,0,0,0,0,0,22,37,31,21,18,0,0,0,0,0,0,0,0,0,0,0,0,0,0,0,8,8,8,8,8,8,8,0,5,5,8,8,8,8,8,8,8,8,8,0,0,0,8,8,8,8,8,8,8,8,8,8,8,8,8,8,8,8,8,8,8,6,6,6,6,6,6,0,6,0]} 1. d4 Nf6 2. c4 g6 3. Nc3 d5 4. Nf3 Bg7 5. h4 c6 6. Bf4 {D90: Grünfeld: 4 Nf3 Bg7 sidelines} (6. Bg5 h6 7. Bxf6 Bxf6 8. e3 e6 9. Qc2 Nd7 10. O-O-O O-O 11. Kb1 Bg7 12. g4 Qe7 13. cxd5 exd5 14. Bd3 Nb6 15. Rhg1 Bd7 16. Ne5 Bxe5 17. dxe5 Qxe5 18. f4 Qxe3 19. Bxg6 Qxf4 20. g5 fxg6 21. Qxg6+ Kh8 22. Qxh6+ Kg8 23. Qg6+ Kh8 24. Qh6+ Kg8 25. Qg6+ {½-½ (25) Tomashevsky,E (2696)-Svidler,P (2755) Moscow 2017}) 6... O-O 7. cxd5 cxd5 8. e3 Nc6 {[%cal Bb8c6,Bc6b4,Bb4d3][%mdl 32]} 9. Be2 Qb6 {LiveBook: 5 Games} 10. Qd2 Ne4 $146 ({Predecessor:} 10... Bf5 11. Ne5 Nxe5 12. Bxe5 Ne4 13. Nxe4 Bxe5 {0-1 (13) Kadas,G (2205)-Szeberenyi,A (2422) Nyiregyhaza 2004}) 11. Qc2 Bf5 12. Qb3 $1 {[%cal Rb3b6] Black should prevent Qxb6.} Qxb3 13. axb3 Nb4 14. O-O (14. Ra4 $5 {[%cal Ra4b4]} a5 15. O-O $11) 14... Rfc8 $36 {[%mdl 2048] Black is more active.} 15. Rfc1 a6 16. Ra4 (16. Ne1 $1 $11) 16... Nd3 $15 17. Bxd3 Nxc3 18. bxc3 Bxd3 19. Ra5 e6 20. Nd2 Bf8 21. Raa1 a5 22. f3 ({White should try} 22. g4 $15) 22... b5 $17 23. e4 Ra6 (23... a4 $17 24. Kf2 b4) 24. Kf2 $1 $11 {[%cal Rf2e3] [#] aiming for Ke3.} Rac6 25. Ke3 Rxc3 26. Rxc3 Rxc3 27. Rxa5 e5 (27... Bxe4+ $5 28. Kf2 Bc2 $15) 28. Bxe5 Bh6+ 29. f4 $1 {Strongly threatening Ra8+.} ({Of course not} 29. Kf2 f6 $17) 29... f6 30. Ra8+ Kf7 31. Ra7+ Ke8 32. Bd6 Bxe4+ $1 33. Kf2 Rc2 {The position is equal.} 34. Ke3 Rc3+ 35. Ke2 Bd3+ 36. Kf2 Rc6 37. Rxh7 Rxd6 38. Rxh6 {[%mdl 4096] Endgame KRB-KRN} Re6 {White must now prevent ...Re2+.} 39. Nf3 Re2+ 40. Kg3 Kf8 {And now ...Kg7 would win.} 41. Rh8+ Kg7 42. Rd8 Rb2 43. Rxd5 Rxb3 44. Rd7+ Kf8 45. Kf2 Be4 46. d5 Rd3 47. d6 Bxf3 48. gxf3 {KR-KR} b4 {[%cal Bb5b4,Bb4b3][%mdl 32] [#]} 49. f5 $1 {[%mdl 512]} gxf5 50. h5 b3 51. h6 {Threatening mate with h7.} Kg8 $1 52. Kg3 b2 53. Rb7 Rxd6 54. Kf4 Rd5 55. Rxb2 Kh7 56. Rh2 Ra5 57. Rh5 $1 Rb5 58. Rxf5 Rb4+ 59. Kg3 Kxh6 60. Rxf6+ Kg5 61. Rf8 Ra4 62. f4+ Kg6 63. Kg4 Ra1 64. Rg8+ Kf6 {( -> ...Rg1+)} 65. Rf8+ Kg6 66. Rg8+ {Precision: White = 64%, Black = 75%.} 1/2-1/2

[Event "POR-chT 1st League 2017"]
[Site "Leiria"]
[Date "2017.07.17"]
[Round "1"]
[White "Lombaers, Peter"]
[Black "Gonzalez Perez, Arian"]
[Result "0-1"]
[WhiteElo "2327"]
[BlackElo "2461"]
[Annotator "TA"]
[PlyCount "92"]
[EventDate "2017.??.??"]
[EventType "team-tourn"]
[EventCountry "POR"]
[SourceTitle "playchess.com"]
[Source "ChessBase"]
[SourceQuality "1"]

{[%evp 10,92,6,0,9,8,145,131,125,132,131,131,131,122,129,125,125,119,126,122,109,67,184,137,159,175,284,210,202,175,200,187,350,345,357,264,231,219,233,0,0,0,443,0,0,0,0,0,0,1,131,0,124,-43,-33,-22,-20,-89,0,-187,-180,-454,-409,-365,-321,-474,15,-572,304,286,279,246,207,-12,-13,-16,-8,-64,-73,-3924,-2549,-1674,-560,-29974,-29972]} 1. d4 d5 2. Bf4 Nf6 3. e3 c5 4. dxc5 (4. Nc3 a6 5. dxc5 e6 6. Na4 Bxc5 7. Nxc5 Qa5+ 8. c3 Qxc5 9. Nf3 Nc6 10. Bd3 h6 11. Ne5 O-O {1-0 (25) Carlsen,M (2832)-So,W (2812) Paris 2017}) 4... e6 5. b4 a5 6. c3 {LiveBook: 6 Games. D00: 1 d4 d5: Unusual lines} axb4 7. cxb4 b6 (7... Bd7 $11) 8. Bxb8 $1 $16 {White is clearly better.} Rxb8 9. Bb5+ $1 Ke7 10. c6 Qd6 $146 ({Predecessor:} 10... Ra8 11. Nc3 Qc7 {1-0 (25) Thomas,R (2410)-Hernaez Fernandez,C (2409) Brazil CXEB 1999}) 11. a3 Ne8 12. Nc3 $36 {[%mdl 2048] White is in control.} g6 13. Rc1 Bg7 14. Nf3 {[%cal Bg1f3,Bf3d4,Bd4b3,Bb3a5][%mdl 32]} Nc7 {...Bxc3+ is the strong threat.} 15. Be2 b5 (15... Ra8 $14) 16. Nd4 {[%cal Rc3b5]} Ba6 17. O-O e5 (17... Rhc8 $142 18. Qd2 Kf8) 18. Nb3 Rhd8 19. Qd2 f5 20. Rfd1 Bc8 $2 (20... Kf8 21. Bf3 e4) 21. Qe1 $18 Rb6 22. Na5 e4 23. Qf1 Be5 24. Nxb5 $2 ({White should play} 24. g3 $18) 24... Rxb5 $11 25. Bxb5 Bxh2+ 26. Kh1 g5 $1 27. g3 $1 Qh6 28. Qg2 Bxg3+ $1 29. Kg1 Bh4 (29... Be5 $11) 30. Be2 ({Only move:} 30. Qh2 $1 $16 {[%cal Rh2c7]} f4 31. Be2) 30... f4 (30... g4 $1 $11) 31. Bg4 $2 ({White has to play} 31. Qh2 $1 $16) 31... Bxf2+ $15 32. Qxf2 Bxg4 33. Rd2 {[#]} d4 (33... Qh3 $1 $17 34. exf4 Rf8) 34. exd4 $2 (34. Rxd4 $11 {and White is okay.} Rxd4 35. exd4) 34... e3 $19 35. Qe1 $2 (35. Re1 Be6 36. Rxe3 fxe3 37. Qxe3) 35... Qe6 {Threatens to win with ...Bf3.} 36. Rh2 h5 37. b5 (37. Qc3 {keeps fighting.} f3 38. Qc5+ Kf7 39. Rf1) 37... f3 $2 (37... Rxd4 $19 38. b6 e2 39. bxc7 Qe3+ 40. Rf2 f3) 38. b6 $2 {[%mdl 8192] [#]} (38. Nc4 $1 $11 f2+ 39. Rxf2 exf2+ 40. Qxf2) 38... f2+ $4 {[%mdl 8192]} (38... Rf8 $1 $19 {avoids the disaster. ( -> ...f2+)} 39. Rf2 (39. Qb4+ $2 Ke8 $19) 39... Nd5) 39. Rxf2 $1 $18 exf2+ 40. Qxf2 Rf8 41. Re1 $2 ({Don't play} 41. Qd2 Qd6 $16) (41. Qg3 $18 Qd6 42. Qxd6+ Kxd6 43. Rc5 (43. Nb7+ Kd5 $11)) 41... Rxf2 $11 42. Kxf2 Na6 (42... Kd6 $5 {[%cal Re6f6]} 43. Rxe6+ Bxe6 44. bxc7 Kxc7 $17) 43. Rxe6+ (43. Re5 $11) 43... Bxe6 $15 44. Ke3 $2 {[%mdl 8192]} (44. c7 $17 Kd7 45. Nb7) 44... Bd5 $19 45. Kf2 Kd6 (45... h4 $142 {Strongly threatening ...g4.} 46. Kg1 Kd6) 46. c7 {[#]} Nxc7 $1 {[%mdl 512] Precision: White = 35%, Black = 47%.} 0-1

[Event "POR-chT 1st League 2017"]
[Site "Leiria"]
[Date "2017.07.17"]
[Round "1"]
[White "Barrero Garcia, Carlos"]
[Black "Reis, Luis Sousa"]
[Result "1-0"]
[WhiteElo "2309"]
[BlackElo "2182"]
[Annotator "NA"]
[PlyCount "51"]
[EventDate "2017.??.??"]
[EventType "team-tourn"]
[EventCountry "POR"]
[SourceTitle "playchess.com"]
[Source "ChessBase"]
[SourceQuality "1"]
[TimeControl "5400+30"]

1. e4 e6 2. d4 d5 3. e5 Ne7 4. Nf3 Nd7 5. Bd3 c5 6. c3 Nc6 7. O-O Be7 8. Be3 Qb6 9. Qd2 c4 10. Be2 f6 11. exf6 Nxf6 12. Bxc4 dxc4 13. d5 Qa6 14. dxc6 Qxc6 15. Qe2 b5 16. a4 bxa4 17. Nd4 Qd5 18. Re1 Bd7 19. Nd2 $11 Rc8 20. N2f3 O-O 21. Bg5 Rb8 22. Ne5 Rfc8 23. Rad1 Bb5 24. Nf5 Qb7 25. Ng6 hxg6 26. Qxe6+ 1-0

[Event "POR-chT 1st League 2017"]
[Site "Leiria"]
[Date "2017.07.17"]
[Round "1"]
[White "Padeiro, Jose"]
[Black "Cavaleiro, Daniel Felipe Costa"]
[Result "*"]
[WhiteElo "2276"]
[BlackElo "2006"]
[Annotator "NA"]
[PlyCount "22"]
[EventDate "2017.??.??"]
[EventType "team-tourn"]
[EventCountry "POR"]
[SourceTitle "playchess.com"]
[Source "ChessBase"]
[SourceQuality "1"]
[TimeControl "5400+30"]

1. d4 {[%emt 0:00:00]} c5 {[%emt 0:01:02]} 2. d5 {[%emt 0:00:14]} e5 {[%emt 0:00:09]} 3. c4 {[%emt 0:02:54]} d6 {[%emt 0:00:06]} 4. Nc3 {[%emt 0:01:04]} Be7 {[%emt 0:05:32]} 5. Nf3 {[%emt 0:03:10]} f5 {[%emt 0:01:59]} 6. h4 {[%emt 0:03:06]} h6 {[%emt 0:02:31]} 7. e4 {[%emt 0:04:53]} Nf6 {[%emt 0:04:03]} 8. Qc2 {[%emt 0:11:18]} f4 {[%emt 0:00:51]} 9. g3 {[%emt 0:04:26]} fxg3 $11 {[%emt 0:01:58]} 10. fxg3 {[%emt 0:00:22]} O-O {[%emt 0:03:41]} 11. Qg2 {[%emt 0:08:36]} Qe8 *

[Event "POR-chT 1st League 2017"]
[Site "Leiria"]
[Date "2017.07.17"]
[Round "1"]
[White "Maisuradze, Nino"]
[Black "Andrade, Jose M Vieira"]
[Result "1-0"]
[WhiteElo "2266"]
[BlackElo "2223"]
[Annotator "NA"]
[PlyCount "45"]
[EventDate "2017.??.??"]
[EventType "team-tourn"]
[EventCountry "POR"]
[SourceTitle "playchess.com"]
[Source "ChessBase"]
[SourceQuality "1"]
[TimeControl "5400+30"]

1. d4 {[%emt 0:00:00]} e6 {[%emt 0:00:37]} 2. Nf3 {[%emt 0:00:00]} Nf6 {[%emt 0:00:20]} 3. Bf4 {[%emt 0:00:46]} b6 {[%emt 0:02:02]} 4. e3 {[%emt 0:00:26]} Bb7 {[%emt 0:00:08]} 5. Nbd2 {[%emt 0:00:15]} Nh5 {[%emt 0:03:07]} 6. Bg5 {[%emt 0:00:26]} Be7 {[%emt 0:00:09]} 7. h4 {[%emt 0:02:20]} f5 {[%emt 0:07:48]} 8. Bd3 {[%emt 0:04:17]} Nf6 {[%emt 0:04:08]} 9. Bxf6 {[%emt 0:01:45]} Bxf6 {[%emt 0:00:06]} 10. e4 {[%emt 0:00:27]} fxe4 {[%emt 0:24:14]} 11. Nxe4 {[%emt 0:00:12]} Qe7 12. c3 {[%emt 0:17:12]} Nc6 {[%emt 0:06:56]} 13. Qe2 {[%emt 0:03:43]} O-O-O {[%emt 0:06:01]} 14. O-O-O {[%emt 0:02:26]} Kb8 {[%emt 0:08:23]} 15. Kb1 {[%emt 0:02:34]} d5 {[%emt 0:06:02]} 16. Neg5 {[%emt 0:06:58]} e5 {[%emt 0:13:08]} 17. dxe5 {[%emt 0:00:35]} Nxe5 {[%emt 0:05:23]} 18. Nxe5 {[%emt 0:00:47]} Bxe5 {[%emt 0:00:15]} 19. Rde1 {[%emt 0:07:05]} Rde8 {[%emt 0:01:45]} 20. Rh3 {[%emt 0:02:48]} d4 {[%emt 0:09:18]} 21. cxd4 {[%emt 0:00:34]} Bf6 {[%emt 0:00:33]} 22. Re3 {[%emt 0:00:20]} Bxg5 {[%emt 0:00:12]} 23. hxg5 {[%emt 0:00:52]} 1-0

[Event "POR-chT 1st League 2017"]
[Site "Leiria"]
[Date "2017.07.17"]
[Round "1"]
[White "Ulyanovskyy, Viktor"]
[Black "Strikovic, Aleksa"]
[Result "1/2-1/2"]
[WhiteElo "2219"]
[BlackElo "2509"]
[Annotator "TA"]
[PlyCount "99"]
[EventDate "2017.??.??"]
[EventType "team-tourn"]
[EventCountry "POR"]
[SourceTitle "playchess.com"]
[Source "ChessBase"]
[SourceQuality "1"]

{[%evp 20,99,33,25,43,22,24,0,21,22,73,83,85,88,96,92,83,69,62,77,62,20,22,24,37,0,0,0,0,0,0,0,41,36,37,26,34,47,45,0,0,0,0,0,0,0,0,0,0,-8,-8,-8,-8,-8,-8,-6,0,0,0,0,0,-3,0,0,0,0,0,0,0,0,0,0,0,0,0,0,0,0,0,-8,-8,-8]} 1. e4 c5 2. c3 e6 3. Nf3 Nc6 4. d4 d5 5. exd5 exd5 6. Be2 Bd6 7. O-O Nge7 8. dxc5 Bxc5 9. Nbd2 O-O 10. Nb3 Bb6 {B22: Sicilian: 2 c3} 11. Re1 {LiveBook: 4 Games} (11. Nbd4 Nf5 12. Bf4 h6 13. Qd2 Nd6 14. Rad1 Ne4 15. Qc1 Re8 16. Be3 Bg4 17. Rfe1 Rc8 18. Nc2 Bc7 19. c4 Bxf3 20. Bxf3 {½-½ (43) Batsanin,D (2442)-Timofeev,A (2640) Vladivostok 2012}) 11... Qd6 12. Bf1 Bg4 13. h3 $146 ({Predecessor:} 13. Be3 Bxe3 14. Rxe3 Rad8 15. h3 Bh5 16. Qc2 Bxf3 17. Rxf3 Ne5 18. Re3 N7c6 19. Rd1 Qf6 {½-½ (44) Domarkaite,L (2122)-Spindelboeck,G (2254) Austria 2016}) 13... Bh5 (13... Bxh3 $5 14. gxh3 Qg3+ 15. Bg2 Bxf2+ 16. Kh1 Bxe1 17. Qxe1 Qxe1+ 18. Nxe1 Rfe8 $11) 14. Be3 Ne5 (14... Bxe3 $11 15. Rxe3 Nf5) 15. g4 $16 Nxf3+ 16. Qxf3 Bg6 17. Bxb6 axb6 18. Bg2 Be4 19. Qe3 Bxg2 20. Qxe7 Qxe7 21. Rxe7 Bxh3 22. f3 {[#] Threatens to win with Kh2.} h5 $1 23. gxh5 Rfe8 24. Rxe8+ Rxe8 $11 {[%mdl 4096] Endgame KRB-KRN} 25. Kf2 Kh7 26. Rh1 Bd7 27. Nd4 Kh6 28. Ne2 Re5 29. Rh4 Rxh5 {The position is equal.} 30. Rxh5+ Kxh5 {KB-KN} 31. Nf4+ Kg5 32. Nxd5 Be6 33. Nxb6 Bxa2 34. Nd7 Kf5 35. Ke3 g5 36. Nc5 Bd5 37. c4 Bc6 38. b4 {[#] b5 is the strong threat.} b6 39. Nb3 Ke5 40. Nc1 (40. b5 $5 {[%cal Rb5c6]} Ba8 41. c5 $11) 40... Ke6 (40... f5 $5 {[%cal Rf5f4]}) 41. Ne2 {aiming for Nd4+.} Bb7 42. Nd4+ Ke5 43. Ne2 Ba6 44. b5 Bb7 45. f4+ gxf4+ 46. Nxf4 Be4 47. Ne2 Bg2 48. Nd4 f5 {White must now prevent ...f4+.} 49. Nxf5 Kxf5 50. Kd4 {Precision: White = 69%, Black = 68%.} 1/2-1/2

[Event "POR-chT 1st League 2017"]
[Site "Leiria"]
[Date "2017.07.17"]
[Round "1"]
[White "Diogo, Vasco"]
[Black "Neto, Horacio"]
[Result "1/2-1/2"]
[WhiteElo "2213"]
[BlackElo "2162"]
[Annotator "ChessBase"]
[PlyCount "124"]
[EventDate "2017.??.??"]
[EventType "team-tourn"]
[EventCountry "POR"]
[SourceTitle "playchess.com"]
[Source "ChessBase"]
[SourceQuality "1"]
[TimeControl "5400+30"]

1. e4 {[%emt 0:00:00]} c5 {[%emt 0:13:22]} 2. Nf3 {[%emt 0:00:00]} Nc6 {[%emt 0:00:01]} 3. d4 {[%emt 0:00:00]} cxd4 {[%emt 0:00:02]} 4. Nxd4 {[%emt 0:00:00]} e5 {[%emt 0:00:08]} 5. Nb5 {[%emt 0:00:05]} d6 {[%emt 0:00:07]} 6. N1c3 {[%emt 0:00:47]} a6 {[%emt 0:01:27]} 7. Na3 {[%emt 0:00:05]} Be7 {[%emt 0:00:38]} 8. Nd5 {[%emt 0:03:44]} Nf6 {[%emt 0:02:43]} 9. Be3 {[%emt 0:06:01]} Nxd5 {[%emt 0:02:22]} 10. exd5 {[%emt 0:00:27]} Nb8 {[%emt 0:00:20]} 11. Nc4 {[%emt 0:02:22]} Nd7 {[%emt 0:07:59]} 12. a4 {[%emt 0:03:22]} O-O {[%emt 0:02:34]} 13. a5 {[%emt 0:13:13]} f5 {[%emt 0:08:12]} 14. Be2 {[%emt 0:04:24]} Rb8 {[%emt 0:22:48]} 15. O-O {[%emt 0:02:47]} f4 {[%emt 0:03:49]} 16. Ba7 {[%emt 0:04:13]} Ra8 {[%emt 0:00:23]} 17. Bb6 {[%emt 0:00:05]} Qe8 {[%emt 0:02:58]} 18. Bc7 {[%emt 0:12:29]} Qg6 {[%emt 0:03:44]} 19. Bh5 {[%emt 0:02:31]} Qh6 {[%emt 0:00:47]} 20. Ra3 {[%emt 0:06:09]} Nf6 {[%emt 0:05:11]} 21. Be2 {[%emt 0:00:52]} Ne8 {[%emt 0:02:21]} 22. Bb6 {[%emt 0:01:20]} Bf5 {[%emt 0:07:19]} 23. f3 {[%emt 0:06:02]} Qg5 {[%emt 0:04:41]} 24. Nd2 {[%emt 0:04:17]} Nf6 {[%emt 0:00:22]} 25. Bd3 {[%emt 0:01:57]} Rac8 {[%emt 0:00:52]} 26. Rf2 {[%emt 0:03:24]} Nd7 {[%emt 0:02:40]} 27. Bxf5 {[%emt 0:02:15]} Rxf5 {[%emt 0:00:39]} 28. Ne4 {[%emt 0:01:41]} Qg6 {[%emt 0:00:06]} 29. Rb3 {[%emt 0:01:22]} Rh5 {[%emt 0:01:05]} 30. Re2 {[%emt 0:02:23]} Nxb6 {[%emt 0:01:34]} 31. Rxb6 {[%emt 0:00:57]} Rc7 {[%emt 0:00:05]} 32. Qd3 {[%emt 0:01:56]} Rh6 {[%emt 0:02:12]} 33. c4 {[%emt 0:05:45]} Qe8 {[%emt 0:01:15]} 34. Qb3 {[%emt 0:00:32]} Qc8 {[%emt 0:00:11]} 35. c5 {[%emt 0:00:17]} Rxc5 {[%emt 0:00:17]} 36. Re1 {[%emt 0:04:47]} Rc1 {[%emt 0:00:23]} 37. Rd1 {[%emt 0:00:54]} Bd8 {[%emt 0:00:42]} 38. Nc3 {[%emt 0:04:11]} Qc5+ {[%emt 0:00:43]} 39. Kh1 {[%emt 0:00:19]} Rxd1+ {[%emt 0:00:22]} 40. Qxd1 {[%emt 0:00:37]} Bxb6 {[%emt 0:00:09]} 41. axb6 {[%emt 0:00:06]} Qxb6 {[%emt 0:00:38]} 42. Qa4 {[%emt 0:00:15]} Qd8 {[%emt 0:01:40]} 43. Ne4 {[%emt 0:00:19]} Rh5 {[%emt 0:00:38]} 44. h3 {[%emt 0:00:09]} h6 {[%emt 0:00:13]} 45. Qb4 {[%emt 0:00:09]} Rf5 {[%emt 0:00:32]} 46. Nxd6 {[%emt 0:00:38]} Rf6 {[%emt 0:00:18]} 47. Ne4 {[%emt 0:00:21]} Rb6 {[%emt 0:00:06]} 48. Qc4 {[%emt 0:00:18]} Rxb2 {[%emt 0:00:35]} 49. d6+ {[%emt 0:00:07]} Kh7 {[%emt 0:00:07]} 50. Qf7 {[%emt 0:01:06]} Rb1+ {[%emt 0:00:44]} 51. Kh2 {[%emt 0:00:04]} a5 {[%emt 0:01:16]} 52. Qe7 {[%emt 0:00:33]} Qb6 {[%emt 0:01:13]} 53. Nf6+ {[%emt 0:02:39]} Kg6 {[%emt 0:00:02]} 54. Qe8+ {[%emt 0:00:45]} Kf5 {[%emt 0:00:28]} 55. Qd7+ {[%emt 0:00:18]} Kxf6 {[%emt 0:00:29]} 56. Qe7+ {[%emt 0:00:07]} Kg6 {[%emt 0:00:32]} 57. Qe6+ {[%emt 0:00:14]} Kh7 {[%emt 0:00:19]} 58. Qf5+ {[%emt 0:00:06]} Kg8 {[%emt 0:00:24]} 59. Qc8+ {[%emt 0:00:17]} Kf7 60. Qf5+ {[%emt 0:00:21]} Kg8 {[%emt 0:01:45]} 61. Qc8+ {[%emt 0:00:09]} Kf7 {[%emt 0:00:13]} 62. Qf5+ {[%emt 0:00:22]} Kg8 {[%emt 0:00:01]} 1/2-1/2

[Event "POR-chT 1st League 2017"]
[Site "Leiria"]
[Date "2017.07.17"]
[Round "1"]
[White "Santos, Jose Alves"]
[Black "Camacho Collados, Marcos"]
[Result "1-0"]
[WhiteElo "2196"]
[BlackElo "2417"]
[Annotator "TA"]
[PlyCount "51"]
[EventDate "2017.??.??"]
[EventType "team-tourn"]
[EventCountry "POR"]
[SourceTitle "playchess.com"]
[Source "ChessBase"]
[SourceQuality "1"]

{[%evp 14,51,21,14,26,29,54,58,342,83,81,81,65,67,75,70,72,70,89,77,85,45,45,29,62,64,64,59,73,68,100,87,160,153,537,532,571,571,571,571]} 1. e4 e6 2. d4 d5 3. e5 Ne7 4. Nf3 Nd7 5. Bd3 c5 6. c3 Nc6 7. O-O Be7 {C02: French: Advance Variation} 8. Be3 {LiveBook: 3 Games} (8. a3 a5 9. a4 O-O 10. Na3 cxd4 11. cxd4 Nb4 12. Bb1 b6 13. Nb5 Ba6 14. Re1 Re8 15. Ra3 Nf8 16. Rc3 {1-0 (69) Idani,P (2576)-Mosadeghpour,M (2444) Teheran 2017}) 8... Qb6 9. Qd2 f6 {White has an edge.} 10. exf6 c4 $146 {[%mdl 8192]} ({Black should try} 10... Nxf6 $14 11. dxc5 Bxc5) ({Predecessor:} 10... Nxf6 11. a3 c4 12. Bc2 Na5 {1-0 (38) Mukhin,M (1990)-Savintsev,D Berdsk 2008}) 11. Be2 $2 ({Not} 11. fxe7 cxd3 12. Bg5 (12. Qxd3 Qxb2 13. Nbd2 Qa3 $18) 12... Nf6 $18) (11. fxg7 $18 {and the rest is easy.} Rg8 12. Bxc4) 11... Nxf6 $16 12. Bxc4 dxc4 13. d5 $1 Qa6 14. dxc6 Qxc6 15. Qe2 b5 {[#]} 16. a4 $1 {[%mdl 512]} bxa4 17. Nd4 Qd5 18. Re1 {[%mdl 1024] White has compensation.} Bd7 19. Nd2 {[%cal Bb1d2,Bd2f3,Bf3e5][%mdl 32]} Rc8 20. N2f3 O-O 21. Bg5 Rb8 22. Ne5 Rfc8 (22... a3 $142) 23. Rad1 Bb5 $2 {[#]} (23... Be8 $16 {is tougher.} 24. Ndc6 Bxc6 25. Rxd5 Bxd5) 24. Nf5 $1 $18 {[%mdl 512] White is clearly winning.} Qb7 {[#]} (24... exf5 25. Rxd5) 25. Ng6 $1 {[%mdl 512]} hxg6 26. Qxe6+ {Precision: White = 66%, Black = 34%.} 1-0

[Event "POR-chT 1st League 2017"]
[Site "Leiria"]
[Date "2017.07.17"]
[Round "1"]
[White "Leao, Tiago Miguel Da Sil"]
[Black "Moreira, Bruno Marcio Pascoa"]
[Result "1-0"]
[WhiteElo "2075"]
[BlackElo "1882"]
[Annotator "NA"]
[PlyCount "67"]
[EventDate "2017.??.??"]
[EventType "team-tourn"]
[EventCountry "POR"]
[SourceTitle "playchess.com"]
[Source "ChessBase"]
[SourceQuality "1"]
[TimeControl "5400+30"]

1. e4 {[%emt 0:13:01]} c5 {[%emt 0:00:28]} 2. Nf3 {[%emt 0:01:08]} e6 {[%emt 0:00:14]} 3. d4 {[%emt 0:00:34]} cxd4 {[%emt 0:00:09]} 4. Nxd4 {[%emt 0:00:06]} a6 {[%emt 0:00:08]} 5. Bd3 {[%emt 0:02:15]} Bc5 {[%emt 0:04:32]} 6. Nb3 {[%emt 0:03:23]} Ba7 {[%emt 0:02:02]} 7. O-O {[%emt 0:00:48]} Nc6 {[%emt 0:01:35]} 8. Qe2 {[%emt 0:04:00]} Nge7 {[%emt 0:04:30]} 9. Nc3 {[%emt 0:00:42]} O-O {[%emt 0:17:55]} 10. Be3 {[%emt 0:05:03]} Bxe3 {[%emt 0:05:16]} 11. Qxe3 {[%emt 0:02:21]} e5 {[%emt 0:02:25]} 12. Nd5 {[%emt 0:10:47]} b5 {[%emt 0:13:43]} 13. a4 {[%emt 0:08:42]} Rb8 {[%emt 0:08:53]} 14. axb5 {[%emt 0:06:32]} axb5 {[%emt 0:01:49]} 15. Qe2 {[%emt 0:02:04]} b4 {[%emt 0:03:25]} 16. Rfd1 {[%emt 0:03:25]} d6 {[%emt 0:02:33]} 17. Bc4 {[%emt 0:08:58]} Kh8 {[%emt 0:09:12]} 18. Qd2 {[%emt 0:05:39]} f5 {[%emt 0:13:00]} 19. Nxe7 {[%emt 0:05:15]} Nxe7 {[%emt 0:00:43]} 20. Qxd6 {[%emt 0:00:16]} Qxd6 {[%emt 0:00:23]} 21. Rxd6 {[%emt 0:00:07]} fxe4 {[%emt 0:00:20]} 22. Ra7 {[%emt 0:03:48]} Nf5 {[%emt 0:02:00]} 23. Rc6 {[%emt 0:01:56]} e3 {[%emt 0:01:21]} 24. fxe3 {[%emt 0:04:45]} Nxe3 {[%emt 0:00:50]} 25. Be2 {[%emt 0:05:18]} Bf5 {[%emt 0:00:22]} 26. Rcc7 {[%emt 0:00:43]} g5 {[%emt 0:00:55]} 27. Nc5 {[%emt 0:01:00]} Rbc8 {[%emt 0:02:15]} 28. Nd3 {[%emt 0:00:39]} Nxc2 {[%emt 0:01:12]} 29. Nxe5 {[%emt 0:00:29]} Rce8 {[%emt 0:01:24]} 30. Nf7+ {[%emt 0:00:20]} Kg8 {[%emt 0:00:40]} 31. Nh6+ {[%emt 0:00:38]} Kh8 {[%emt 0:00:37]} 32. Nxf5 {[%emt 0:00:21]} Rxf5 {[%emt 0:00:13]} 33. Rxh7+ {[%emt 0:00:13]} Kg8 {[%emt 0:00:20]} 34. Bc4+ {[%emt 0:00:07]} 1-0

[Event "POR-chT 1st League 2017"]
[Site "Leiria"]
[Date "2017.07.17"]
[Round "1"]
[White "Pinheiro, Albano"]
[Black "Navarro Duarte, Carlos Enrique"]
[Result "1-0"]
[WhiteElo "2071"]
[BlackElo "2195"]
[Annotator "NA"]
[PlyCount "65"]
[EventDate "2017.??.??"]
[EventType "team-tourn"]
[EventCountry "POR"]
[SourceTitle "playchess.com"]
[Source "ChessBase"]
[SourceQuality "1"]
[TimeControl "5400+30"]

1. e4 {[%emt 0:00:00]} e5 {[%emt 0:00:13]} 2. Nf3 {[%emt 0:00:00]} Nc6 {[%emt 0:00:30]} 3. d4 {[%emt 0:00:00]} exd4 {[%emt 0:03:08]} 4. Nxd4 {[%emt 0:00:00]} Qe7 {[%emt 0:07:11]} 5. Nc3 {[%emt 0:04:43]} Nf6 {[%emt 0:11:05]} 6. Nxc6 {[%emt 0:06:48]} dxc6 {[%emt 0:03:13]} 7. Bd3 {[%emt 0:03:27]} g6 {[%emt 0:06:39]} 8. O-O {[%emt 0:02:14]} Bg7 {[%emt 0:01:53]} 9. h3 {[%emt 0:08:55]} O-O {[%emt 0:04:11]} 10. Bg5 {[%emt 0:09:25]} h6 {[%emt 0:10:37]} 11. Bh4 {[%emt 0:04:32]} g5 {[%emt 0:05:12]} 12. Bg3 {[%emt 0:00:14]} Be6 $16 {[%emt 0:00:42]} 13. Qe2 {[%emt 0:03:58]} Rac8 {[%emt 0:02:54]} 14. Rae1 {[%emt 0:03:59]} Nd7 {[%emt 0:02:58]} 15. f4 {[%emt 0:07:58]} Bd4+ {[%emt 0:09:55]} 16. Kh2 {[%emt 0:04:42]} f6 {[%emt 0:02:36]} 17. Bc4 {[%emt 0:06:38]} Bf7 {[%emt 0:03:14]} 18. Bxf7+ {[%emt 0:05:34]} Qxf7 {[%emt 0:01:25]} 19. Qd2 {[%emt 0:07:59]} Bxc3 {[%emt 0:01:01]} 20. Qxc3 {[%emt 0:00:23]} Rfe8 {[%emt 0:01:53]} 21. e5 {[%emt 0:04:55]} Nf8 {[%emt 0:01:53]} 22. fxg5 {[%emt 0:01:44]} hxg5 {[%emt 0:00:08]} 23. Rxf6 {[%emt 0:01:06]} Qd5 {[%emt 0:01:09]} 24. Ref1 {[%emt 0:03:17]} Re6 {[%emt 0:01:55]} 25. Qe3 {[%emt 0:05:05]} Nh7 {[%emt 0:01:19]} 26. Rxe6 {[%emt 0:03:34]} Qxe6 {[%emt 0:00:05]} 27. b3 {[%emt 0:00:43]} b6 {[%emt 0:00:12]} 28. c4 {[%emt 0:01:29]} c5 {[%emt 0:00:19]} 29. Rd1 {[%emt 0:01:07]} Kg7 {[%emt 0:00:29]} 30. Qe4 {[%emt 0:00:34]} c6 {[%emt 0:01:35]} 31. Rd6 {[%emt 0:00:27]} Qf7 {[%emt 0:00:38]} 32. e6 {[%emt 0:01:36]} Qe7 {[%emt 0:04:14]} 33. Rd7 1-0